Suicidio e Investigación y ayuda al suicidio (Registro nro. 2593)
[ vista simple ]
| 000 -Cabecera | |
|---|---|
| Campo de control de longitud fija | 00867aam a2200337 4500 |
| 005 - Fecha y hora de la última transacción | |
| Campo de control | 20260310165754.0 |
| 008 - Elementos de longitud fija--Información general | |
| Campo de control de longitud fija | 150303b2011 xxu||||| |||| 00| 0 spa d |
| 020 ## - International Standard Book Number | |
| Número Internacional Estándar del Libro (ISBN) | 9789968561334 |
| 041 ## - Idioma | |
| Código de idioma | Español |
| 082 ## - Clasificación Decimal Dewey | |
| Número de clasificación | 364.152.2 C352s |
| 100 ## - Entrada principal--Autor personal | |
| Nombre personal | Castillo González, Francisco |
| 9 (RLIN) | 2159 |
| 245 ## - Título propiamente dicho | |
| Título | Suicidio e Investigación y ayuda al suicidio |
| 260 ## - Pie de imprenta | |
| Fecha de publicación, distribución, etc. | Costa Rica |
| 260 ## - Pie de imprenta | |
| Lugar de publicación, distribución, etc. | Jurídica Contiental |
| 260 ## - Pie de imprenta | |
| Nombre del editor, distribuidor, etc. | 2011 |
| 300 ## - Descripción física | |
| Extensión | 157 páginas |
| 490 ## - Serie | |
| Título de la Serie | Investigación Criminal |
| 650 ## - Materia general | |
| Temática (materia general) | SUICIDIO |
| 650 ## - Materia general | |
| Temática (materia general) | PROBLEMAS SOCIALES |
| 650 ## - Materia general | |
| Temática (materia general) | HISTORIA |
| 650 ## - Materia general | |
| Temática (materia general) | NATURALEZA DEL SUICIDIO |
| 650 ## - Materia general | |
| Temática (materia general) | HUELGA DE HAMBRE |
| 650 ## - Materia general | |
| Temática (materia general) | LIBERTAD DE CONCIENCIA |
| 650 ## - Materia general | |
| Temática (materia general) | DOCTRINA ALEMANA |
| 650 ## - Materia general | |
| Temática (materia general) | PREVENCIÓN |
| 650 ## - Materia general | |
| Temática (materia general) | PENALIDAD |
| 650 ## - Materia general | |
| Temática (materia general) | HOMICIO |
| 650 ## - Materia general | |
| Temática (materia general) | DELITO |
| 650 ## - Materia general | |
| Temática (materia general) | INANICIÓN |
| 942 ## - Punto de acceso adicional KOHA | |
| Tipo de ítem KOHA | Libro |
| Fuente del sistema de clasificación o colocación | Dewey Decimal Classification |
| Signatura completa | Código de barras | Programa Académico | Tipo de ítem |
|---|---|---|---|
| 364.152.2 C352s | 15666 | Investigación Criminal | Libro |